000 00320 a2200157 4500
001 158691
020 _a
040 _cMagnum
100 _a-
240 1 0 _aAventura na ciencia/quimica
_lpor
245 1 0 _aAventura na ciencia/quimica
362 0 _a1899
440 1 _aGlobo
697 _aENCICLOPEDIAS
942 _cBK
999 _c158691
_d158691